Geography Quiz

Random Geography or State Quiz

Top 200 US Metro Areas Quiz Stats

 Plays Quiz Updated Oct 28, 2018

Score 0/200 Timer 20:00
10 Plays Today
Rank City % Correct
1New York (NY-NJ-PA)
98.9%
2Los Angeles (CA)
97.6%
3Chicago (IL-IN-WI)
96.3%
4Dallas (TX)
95%
8Miami (FL)
94.6%
11San Francisco (CA)
94.6%
5Houston (TX)
94.2%
10Boston (MA-NH)
93.6%
15Seattle (WA)
93%
6Philadelphia (PA-NJ-DE-MD)
92.5%
7Washington (DC-VA-MD-WV)
91.6%
17San Diego (CA)
91.2%
9Atlanta (GA)
91.1%
13Detroit (MI)
90.2%
14Phoenix (AZ)
90.1%
23Portland (OR-WA)
89.5%
101Portland (ME)
89.5%
21Denver (CO)
89.1%
16Minneapolis-St Paul (MN-WI)
87.5%
30Las Vegas (NV)
87.5%
95Jackson (MS)
87%
46New Orleans (LA)
87%
22Pittsburgh (PA)
86.7%
29Kansas City (MO-KS)
86.3%
28Cleveland (OH)
85.4%
19St Louis (MO-IL)
85.2%
26Orlando (FL)
84.8%
37Nashville (TN)
84.7%
35Indianapolis (IN)
84.5%
20Baltimore (MD)
84.2%
34Austin (TX)
83.8%
24San Antonio (TX)
83.7%
18Tampa (FL)
83.6%
43Oklahoma City (OK)
83.4%
32Columbus (OH)
82.9%
157Columbus (GA-AL)
82.9%
40Jacksonville (FL)
82.3%
25Sacramento (CA)
81.9%
27Cincinnati (OH-KY-IN)
81.6%
41Memphis (TN-MS-AR)
81.6%
49Buffalo (NY)
79.9%
48Salt Lake City (UT)
79.3%
47Raleigh (NC)
79.1%
33Charlotte (NC-SC)
78.7%
39Milwaukee (WI)
77.8%
31San Jose (CA)
75.2%
59Albany (NY)
75%
42Louisville (KY-IN)
74.9%
44Richmond (VA)
74.2%
77Springfield (MA)
74.1%
112Springfield (MO)
74.1%
85Boise (ID)
74%
78Charleston (SC)
73.3%
156Charleston (WV)
73.3%
72Little Rock (AR)
73.1%
66Baton Rouge (LA)
73.1%
65El Paso (TX)
72.7%
57Albuquerque (NM)
71.4%
38Providence (RI-MA)
71.2%
89Madison (WI)
70.8%
50Birmingham (AL)
70.8%
115Reno (NV)
70.7%
58Omaha (NE-IA)
70.7%
88Des Moines (IA)
70.6%
53Honolulu (HI)
70.5%
45Hartford (CT)
68.6%
154Lincoln (NE)
68.3%
Rank City % Correct
36Virginia Beach (VA-NC)
68.2%
138Tallahassee (FL)
68%
52Tucson (AZ)
66.8%
70Columbia (SC)
65.7%
54Tulsa (OK)
65.6%
81Colorado Springs (CO)
64.5%
133Anchorage (AK)
64.2%
51Rochester (NY)
63.2%
106Lexington (KY)
61.6%
136Montgomery (AL)
61.3%
80Syracuse (NY)
60.4%
92Augusta-Richmond (GA-SC)
60%
189Topeka (KS)
60%
126Mobile (AL)
59.7%
74Knoxville (TN)
59.7%
143Savannah (GA)
59.2%
109Lansing (MI)
59.1%
82Toledo (OH)
58.6%
55Fresno (CA)
58.3%
86Wichita (KS)
58.2%
131Salem (OR)
58.1%
140Trenton (NJ)
57.5%
152Green Bay (WI)
57.1%
62Dayton (OH)
56.2%
75Akron (OH)
56%
94Harrisburg (PA)
55.5%
108Spokane (WA)
54.3%
102Durham (NC)
52.8%
69Grand Rapids (MI)
51.5%
12Riverside (CA)
50.6%
60New Haven (CT)
50%
122Fort Wayne (IN)
49.7%
61Bakersfield (CA)
49.3%
144Eugene (OR)
48.7%
71Greensboro (NC)
48.1%
139Wilmington (NC)
47.9%
114Corpus Christi (TX)
47.3%
191Sioux Falls (SD)
47.2%
90Scranton (PA)
45.3%
164Erie (PA)
45.2%
56Bridgeport (CT)
44.3%
130Manchester (NH)
44.2%
129Shreveport (LA)
43.8%
146Ann Arbor (MI)
43.5%
161Lubbock (TX)
43.3%
97Provo (UT)
42.9%
98Chattanooga (TN-GA)
42.7%
67Worcester (MA)
42%
180Olympia (WA)
41.3%
120Flint (MI)
41.3%
165Duluth (MN-WI)
41.1%
184Amarillo (TX)
40.7%
159Boulder (CO)
40.6%
188Waco (TX)
39.8%
105Winston-Salem (NC)
39.7%
64Allentown (PA-NJ)
39.5%
185Gulfport (MS)
37.9%
169Atlantic City (NJ)
37.8%
107Fayetteville (AR-MO)
37.6%
137Fayetteville (NC)
37.6%
150South Bend (IN-MI)
36.7%
118Santa Barbara (CA)
36.4%
91Youngstown (OH-PA)
36.1%
177Cedar Rapids (IA)
35.7%
135Peoria (IL)
35.6%
190Macon (GA)
35.3%
119Huntsville (AL)
34.9%
Rank City % Correct
124Brownsville (TX)
34.5%
76Stockton (CA)
34.4%
83Greenville (SC)
33.6%
181Laredo (TX)
33.5%
155Fort Collins (CO)
33%
110Pensacola (FL)
32.6%
142Evansville (IN-KY)
32.5%
145Rockford (IL)
32.2%
134Davenport (IA-IL)
32.2%
167Lafayette (LA)
31.5%
116Asheville (NC)
31.4%
173Gainesville (FL)
30.9%
160Utica (NY)
30.6%
84Cape Coral (FL)
30.1%
195Tuscaloosa (AL)
29.9%
153Roanoke (VA)
29.1%
100Modesto (CA)
27.8%
128Canton (OH)
26.7%
63Oxnard (CA)
26.5%
93Ogden (UT)
26.4%
103Deltona (FL)
26.4%
99Lancaster (PA)
26.4%
73North Port (FL)
26.3%
148Kalamazoo (MI)
26.1%
162Huntington (WV-KY-OH)
25.4%
125Reading (PA)
25.3%
199Las Cruces (NM)
24.9%
168Myrtle Beach (SC)
24.7%
68McAllen (TX)
24.6%
192Champaign (IL)
23.9%
113York (PA)
23%
158Fort Smith (AR-OK)
22.6%
193College Station (TX)
22.6%
149Naples (FL)
22.4%
132Beaumont (TX)
22.3%
186Binghamton (NY)
20.9%
104Santa Rosa (CA)
20.7%
175Santa Cruz (CA)
20.2%
79Poughkeepsie (NY)
20.2%
200Tyler (TX)
19.8%
117Port St. Lucie (FL)
19.7%
166Clarksville (TN-KY)
19.2%
127Killeen (TX)
18.3%
147Ocala (FL)
18.3%
121Salinas (CA)
18%
151Kingsport (TN-VA)
17.8%
96Palm Bay (FL)
17.8%
163Spartanburg (SC)
17.6%
87Lakeland (FL)
17.5%
187Yakima (WA)
17.3%
194Appleton (WI)
16.7%
171San Luis Obispo (CA)
16.3%
183Lynchburg (VA)
16.2%
170Norwich (CT)
15.7%
123Vallejo (CA)
15.5%
111Visalia (CA)
14.9%
196Chico (CA)
14.3%
176Kennewick (WA)
14%
172Hagerstown (MD-WV)
13.1%
178Merced (CA)
13.1%
179Greeley (CO)
12.7%
141Hickory (NC)
12.5%
198Barnstable (MA)
12.4%
197Longview (TX)
10.9%
174Holland (MI)
10.8%
182Bremerton (WA)
9.4%

You're not logged in!

Compare scores with friends on all Sporcle quizzes.
OR
Log In

Sporcle TV

Today on Sporcle TV


Watch our educational content, quiz creation guides, and fun videos on Sporcle TV.

Show Comments

Extras

Top Quizzes Today


Score Distribution

Your Account Isn't Verified!

In order to create a playlist on Sporcle, you need to verify the email address you used during registration. Go to your Sporcle Settings to finish the process.

Report this User

Report this user for behavior that violates our Community Guidelines.

Details: